000 00435nam a2200157Ia 4500
008 210716s1995 xx 000 0 und d
020 _a812031025X
041 _aeng
082 _a004.68 CAMB
100 _aCampbell, Becky J; Applebaum, Mickey J.
245 _aDont panic its only netware.
250 _a2
260 _aNew Delhi
_bPrentice Hall of India PVt Ltd
_c1995
300 _axv,423
650 _aLocal Area Networks(004.68)
999 _c183054
_d183054